Statistics for Euro cup 2024 germany host cities

Click here to take the quiz!

General Stats

  • This quiz has been taken 26 times
  • The average score is 9 of 10

Answer Stats

Answer% Correct
Berlin
100%
Cologne
96%
Frankfurt
96%
Hamburg
96%
Munich
96%
Leipzig
91%
Stuttgart
91%
Dortmund
83%
Dusseldorf
78%
Gelsenkirchen
65%

Score Distribution

Percentile by Number Answered

Percent of People with Each Score

Your Score History

You have not taken this quiz